MARC

LEADER 00000nam0a2200000 4500
001 302806
005 20260324112239.0
035 |a (RuTPU)RU\TPU\book\328023 
090 |a 302806 
100 |a 20150826d1983 k y0rusy5003 ca 
101 0 |a rus 
102 |a RU 
105 |a y z 001zb 
200 1 |a Энциклопедия революционной стратегии и тактики. О книге В. И. Ленина "Детская болезнь "Левизны" в коммунизме"  |f М. И. Труш 
210 |a Москва  |c Мысль  |d 1983 
215 |a 228 с. 
320 |a Библиогр.: с. 220-227 
600 1 |a Ленин  |b В. И.  |c настоящая фамилия Ульянов  |c российский политический деятель  |f 1870-1924  |g Владимир Ильич  |2 stltpush  |3 (RuTPU)RU\TPU\pers\1074  |9 486 
606 |a Ленин В. И.  |j Материалы о произведениях  |9 89212 
610 1 |a классики 
610 1 |a коммунистические партии 
610 1 |a ленинизм 
610 1 |a ленинская концепция 
610 1 |a революционная стратегия 
610 1 |a тактика 
610 1 |a рабочие партии 
686 |a Т3(2)6-8Ленин195  |2 rubbk 
700 1 |a Труш  |b М. И.  |g Михаил Иванович  |4 070 
712 0 2 |a Институт марксизма-ленинизма (ИМЛ)  |c (Москва)  |c (1956-1991)  |3 (RuTPU)RU\TPU\col\4702 
801 0 |a RU  |b RuMRKP  |c 19950704  |g psbo 
801 1 |a RU  |b 63413507  |c 20150826 
801 2 |a RU  |b 63413507  |c 20170815  |g RCR 
942 |c BK